LEADER 01777nam a2200253 i 4500 001 000000248571 003 CaOOAMICUS 005 20230418112009.0 008 160404s1729 fr u000 u lat u 026 $en-ne e-:& r.c- tun* (3) 1729 (R)$b[*= ae] 040 $aSeMil$bita 100 1 $aMabillon, Jean,$c.$0(OLS)http://semarc/name/6333 245 10$aDe liturgia gallicana libri 3. In quibus veteris missae, quae ante annos mille apud Gallos in usu erat, forma ritusque eruuntur ex antiquis monumentis, Lectionario Gallicano hactenus inedito, & tribus missalibus Thomasianis, quae integra referuntur. Accedit Disquisitio de cursu Gallicano, ... Opera & studio domni Johannis Mabillon, ... 260 $aParisiis :$bApud Montalant, ad Ripam RR.PP. Augustinianorum, propè Pontem S. Michaelis,$c1729. 300 $a[34], 477 [21] p. ;$c4º. 500 $aFregio xilogr. sul front. 500 $aSegn.: a? e? i? o? u²(-u²) A-3Q? 3R²(-3R²) 500 $aIniz., fregi xilogr. 700 1 $aMontalant, François,$c.$0(OLS)http://semarc/name/90251 850 $aSeMil 852 $aSeMil$W1$xVenegono$y1$m3K IV 3 FA$j198917$B198917$CSeMilBibl$Z2$F210221 $8I 996 $6245$aDe liturgia gallicana libri 3. In quibus veteris missae, quae ante annos mille apud Gallos in usu erat, forma ritusque eruuntur ex antiquis monumentis, Lectionario Gallicano hactenus inedito, & tribus missalibus Thomasianis, quae integra referuntur. Accedit Disquisitio de cursu Gallicano, ... Opera & studio domni Johannis Mabillon, ...$9(OLS)http://semarc/title/350846 996 $6260$aParisiis :$bApud Montalant, ad Ripam RR.PP. Augustinianorum, propè Pontem S. Michaelis$9(OLS)http://semarc/publisher/55282 LEADER 01121nam a2200229 i 4500 001 000000251231 003 CaOOAMICUS 005 20161003000000.0 008 161003s2000 it u000 u ita u 013 $a230136 040 $aSeMil$bita 245 12$aI colori del tempo :$bun percorso nella pittura italiana attraverso venticinque capolavori del 19. e del 20. secolo /$ca cura di Enrico Crispolti ; testi di Silvia Bignami ... [et al.]. 260 $aTorino :$bSan Paolo,$c2000. 300 $a255 p. :$briccamente ill. ;$c31 cm. 500 $aContiene : Nota bibliografica. - In custodia. 700 1 $aBignami, Silvia.$0(OLS)http://semarc/name/48592 700 1 $aCrispolti, Enrico,$d<1933- >.$0(OLS)http://semarc/name/24827 850 $aSeMil 852 $aSeMil$W1$xVenegono$y1$m5F XVI 70/2$j201577$B201577$CSeMilBibl$Z2$F213615 $8I 961 $aOmaggio: Milanesi don Davide 996 $6245$aI colori del tempo :$bun percorso nella pittura italiana attraverso venticinque capolavori del 19. e del 20. secolo$9(OLS)http://semarc/title/353368 996 $6260$aTorino :$bSan Paolo$9(OLS)http://semarc/publisher/39734